000 01053nam a2200289 i 4500
001 186262
003 SpMaBN
005 20251012203139.0
008 160929s2015 sp a |||| | spa d
020 _a978-84-7960-731-9
080 _a087.5:82
100 1 _aGómez Yebra, Antonio A.,
_d1950-
_958196
245 1 0 _aAbecedario pirata y otros poemas /
_cAntonio A. Gómez Yebra ; prólogo de Alicia Marchant Rivera ; ilustraciones de Patricia Simón.
250 _a1ª ed.
260 _aMadrid :
_bEdiciones de la Torre,
_c2015.
300 _a91 p. :
_bil. col. ;
_c21 cm.
490 1 _aAlba y mayo. Bicolor ;
_v15
490 1 _aEdiciones de la Torre ;
_v609
650 4 _aPoesías-
_vLibros infantiles.
_9142901
655 7 _aLibros infantiles
_2tgfbne
_9226786
700 1 _aSimón, Patricia,
_d1991-
_9161006
830 1 _aAlba y mayo. Bicolor ;
_v15
_9225384
830 1 _aEdiciones de la Torre ;
_v609
_9192503
852 4 _aES-MaACL
_jA-13870
_9193317
_bR.151251
_cDEPO1
_dOlim: N-6870
942 _2udc
_cMONOGRAFIA
999 _c186262
_d186262